[Event "CRO-chT3 South"]
[Site "Dubrovnik"]
[Date "2013.04.27"]
[Round "1.4"]
[White "Bilus Gagic, Ante"]
[Black "Prvinic, Igor"]
[Result "0-1"]
[WhiteElo "1976"]
[BlackElo "1704"]
[PlyCount "116"]
[EventDate "2013.04.27"]
[EventType "team-tourn"]
[EventRounds "7"]
[EventCountry "CRO"]
[SourceTitle "EXT 2014"]
[Source "ChessBase"]
[SourceDate "2013.11.20"]
[SourceVersion "1"]
[SourceVersionDate "2013.11.20"]
[SourceQuality "1"]
[WhiteTeam "Kastel"]
[BlackTeam "Jelsa"]
[WhiteTeamCountry "CRO"]
[BlackTeamCountry "CRO"]

1. e4 c5 2. Nc3 d6 3. g3 e6 4. Bg2 Nc6 5. d3 Nf6 6. Nge2 Be7 7. 0-0 0-0 8. h3 a6 9. Be3 Rb8 10. Qd2 Qc7 11. Nd1 b5 12. c3 Rd8 13. d4 c4 14. d5 Ne5 15. Kh2 exd5 16. exd5 Qd7 17. f4 Nd3 18. Nf2 Nc5 19. Rad1 Bb7 20. Qc2 Qc7 21. Ng4 Re8 22. Nxf6+ Bxf6 23. Bd4 Bxd4 24. Nxd4 Nd3 25. Qd2 Qe7 26. Nf5 Qf6 27. Nd4 Rbc8 28. b4 Re7 29. a4 Ra8 30. axb5 Ree8 31. bxa6 Rxa6 32. Ra1 Rea8 33. Rxa6 Rxa6 34. Rb1 Ra3 35. Nb5 Ra8 36. Be4 Ba6 37. Nc7 Ra7 38. Nxa6 Rxa6 39. Bxd3 cxd3 40. Re1 Kf8 41. Qxd3 Ra3 42. Rc1 g6 43. Rc2 Qe7 44. Kg2 Qe1 45. Kf3 f5 46. h4 h5 47. b5 Rb3 48. Kg2 Rb1 49. Kf3 Qh1+ 50. Ke3 Qg1+ 51. Kf3 Rf1+ 52. Qxf1 Qxf1+ 53. Ke3 Qxb5 54. Kd4 Qc5+ 55. Kd3 Qxd5+ 56. Ke3 Qe4+ 57. Kd2 Qg2+ 58. Kc1 Qxg3 0-1

[Event "Kastel Novi Sedlar CC-ch"]
[Site "Kastel Novi"]
[Date "2012.02.05"]
[Round "7"]
[White "Bilus Gagic, Ante"]
[Black "Bralo, Kristijan"]
[Result "1-0"]
[WhiteElo "2009"]
[BlackElo "1630"]
[PlyCount "103"]
[EventDate "2012.01.22"]
[EventType "tourn"]
[EventRounds "11"]
[EventCountry "CRO"]
[SourceTitle "EXT 2014"]
[Source "ChessBase"]
[SourceDate "2013.11.20"]
[SourceVersion "1"]
[SourceVersionDate "2013.11.20"]
[SourceQuality "1"]

1. e4 e6 2. d4 d5 3. exd5 exd5 4. Bd3 Bd6 5. Nf3 Nf6 6. 0-0 0-0 7. Bg5 Bg4 8. Nbd2 Nbd7 9. c3 c6 10. Re1 Qb6 11. b4 a5 12. a3 Rfe8 13. Qc2 Rxe1+ 14. Rxe1 axb4 15. axb4 h6 16. Bh4 Be6 17. Nb3 Qc7 18. Bg3 Bxg3 19. hxg3 b6 20. Ne5 Re8 21. f4 Bg4 22. Qf2 Nxe5 23. fxe5 Nh7 24. Nd2 Ra8 25. Nf3 Ra3 26. Qe3 Kh8 27. Bc2 Qa7 28. Qd3 Nf8 29. Nh4 Ra1 30. Rxa1 Qxa1+ 31. Kh2 g6 32. Bb3 b5 33. Bc2 Kg7 34. Bb1 Qb2 35. Bc2 Qc1 36. Bb1 Qg5 37. Qf1 f6 38. exf6+ Qxf6 39. Qd3 g5 40. Nf3 Bh5 41. Ne5 Ng6 42. Nd7 Qe6 43. Ne5 Qf6 44. Qe3 Qe7 45. Qf2 Nf8 46. Bf5 Qc7 47. g4 Bg6 48. Qc2 Bxf5 49. Qxf5 Qb7 50. g3 Qc7 51. Kh3 Qe7 52. Nxc6 1-0

[Event "Kastel Novi Sedlar CC-ch"]
[Site "Kastel Novi"]
[Date "2012.01.24"]
[Round "2"]
[White "Maras, Ante"]
[Black "Bilus Gagic, Ante"]
[Result "1-0"]
[WhiteElo "2113"]
[BlackElo "2009"]
[PlyCount "47"]
[EventDate "2012.01.22"]
[EventType "tourn"]
[EventRounds "11"]
[EventCountry "CRO"]
[SourceTitle "EXT 2014"]
[Source "ChessBase"]
[SourceDate "2013.11.20"]
[SourceVersion "1"]
[SourceVersionDate "2013.11.20"]
[SourceQuality "1"]

1. e4 c6 2. d4 d5 3. Nc3 dxe4 4. Nxe4 Nf6 5. f3 Nxe4 6. fxe4 e5 7. Nf3 exd4 8. Bc4 Be6 9. Bxe6 fxe6 10. 0-0 Bc5 11. Ng5 Rf8 12. Rxf8+ Bxf8 13. Nxe6 Qd7 14. Nxd4 c5 15. Qh5+ g6 16. Qe5+ Qe7 17. Ne6 Kf7 18. Bg5 Nd7 19. Rf1+ Kg8 20. Qd5 Nb6 21. Bxe7 Nxd5 22. Rxf8+ Rxf8 23. Bxf8 Ne3 24. Bxc5 1-0

[Event "Kastel Novi Sedlar CC-ch"]
[Site "Kastel Novi"]
[Date "2012.01.22"]
[Round "1"]
[White "Bilus Gagic, Ante"]
[Black "Duvnjak, Pero"]
[Result "1-0"]
[WhiteElo "2009"]
[BlackElo "1819"]
[PlyCount "61"]
[EventDate "2012.01.22"]
[EventType "tourn"]
[EventRounds "11"]
[EventCountry "CRO"]
[SourceTitle "EXT 2014"]
[Source "ChessBase"]
[SourceDate "2013.11.20"]
[SourceVersion "1"]
[SourceVersionDate "2013.11.20"]
[SourceQuality "1"]

1. e4 c5 2. Nc3 Nc6 3. g3 d6 4. Bg2 g6 5. Nge2 Bg7 6. d3 Nf6 7. 0-0 0-0 8. h3 a5 9. a4 Ne8 10. Be3 e5 11. Nd5 Be6 12. Nec3 f5 13. f4 fxe4 14. dxe4 exf4 15. Nxf4 Nd4 16. Kh2 Be5 17. Nxe6 Nxe6 18. Qg4 N8c7 19. Rad1 Qe7 20. Bh6 Bg7 21. Bxg7 Kxg7 22. Nd5 Nxd5 23. exd5 Rxf1 24. Rxf1 Nd4 25. c3 Nf5 26. Rxf5 Rf8 27. Rxf8 Kxf8 28. Qe6 Qxe6 29. dxe6 b5 30. axb5 a4 31. Bd5 1-0

[Event "Split op 1st"]
[Site "Split"]
[Date "2011.08.06"]
[Round "2"]
[White "Dulic, Grgur"]
[Black "Bilus Gagic, Ante"]
[Result "1-0"]
[WhiteElo "2251"]
[BlackElo "2033"]
[PlyCount "69"]
[EventDate "2011.08.05"]
[EventType "swiss"]
[EventRounds "9"]
[EventCountry "CRO"]
[SourceTitle "CBM 143 Extra"]
[Source "ChessBase"]
[SourceDate "2011.08.29"]
[SourceVersion "1"]
[SourceVersionDate "2011.08.29"]
[SourceQuality "1"]

1. e4 c6 2. d4 d5 3. Nd2 dxe4 4. Nxe4 Nd7 5. Bc4 Ngf6 6. Ng5 e6 7. Qe2 Nb6 8. Bb3 h6 9. N5f3 Nbd5 10. Bd2 Bd6 11. Ne5 a5 12. a3 0-0 13. Ngf3 Qc7 14. c4 Ne7 15. 0-0 c5 16. dxc5 Bxc5 17. Bc3 b6 18. Rfd1 Bb7 19. Nd4 Rad8 20. Nb5 Qc8 21. Bc2 Nc6 22. Ng4 Nxg4 23. Qxg4 e5 24. Bf5 Qb8 25. Bd2 Ne7 26. Bc3 g6 27. Bc2 Kh7 28. b4 axb4 29. axb4 f5 30. Qe2 Bd6 31. Rxd6 Rxd6 32. Qxe5 Rd1+ 33. Rxd1 Qxe5 34. Bxe5 Nc6 35. Rd7+ 1-0

[Event "Split op 4th"]
[Site "Split"]
[Date "2010.05.06"]
[Round "7"]
[White "Bilus Gagic, Ante"]
[Black "Liljak, Marin"]
[Result "1-0"]
[WhiteElo "2023"]
[BlackElo "1564"]
[PlyCount "71"]
[EventDate "2010.04.30"]
[EventType "swiss"]
[EventRounds "9"]
[EventCountry "CRO"]
[SourceTitle "EXT 2011"]
[Source "ChessBase"]
[SourceDate "2010.11.26"]
[SourceVersion "1"]
[SourceVersionDate "2010.11.26"]
[SourceQuality "1"]

1. e4 e5 2. Nf3 Nc6 3. Bc4 Be7 4. Nc3 d6 5. h3 Nf6 6. d4 exd4 7. Nxd4 Bd7 8. 0-0 0-0 9. Be3 Ne5 10. Bb3 Qc8 11. f4 Ng6 12. a3 Nh4 13. Bf2 Nxg2 14. f5 Nf4 15. Qf3 N4h5 16. Kh2 Kh8 17. Rae1 g6 18. Be3 Ng8 19. Re2 Bf6 20. Rg2 Be5+ 21. Kg1 Nhf6 22. a4 a6 23. Bc4 Qe8 24. b3 c5 25. Nde2 b5 26. axb5 axb5 27. Bd3 b4 28. Nd5 Nxd5 29. exd5 Ne7 30. f6 Ng8 31. Bg5 Qc8 32. Kf2 Bxh3 33. Rh1 Bxg2 34. Rxh7+ Kxh7 35. Qh5+ Nh6 36. Qxh6+ 1-0

[Event "Split op 4th"]
[Site "Split"]
[Date "2010.05.03"]
[Round "4"]
[White "Andromak, Franino"]
[Black "Bilus Gagic, Ante"]
[Result "1/2-1/2"]
[WhiteElo "1742"]
[BlackElo "2023"]
[PlyCount "121"]
[EventDate "2010.04.30"]
[EventType "swiss"]
[EventRounds "9"]
[EventCountry "CRO"]
[SourceTitle "EXT 2011"]
[Source "ChessBase"]
[SourceDate "2010.11.26"]
[SourceVersion "1"]
[SourceVersionDate "2010.11.26"]
[SourceQuality "1"]

1. d4 d5 2. Nf3 Nf6 3. h3 c6 4. Bf4 Nbd7 5. c3 Ne4 6. Nbd2 Ndf6 7. e3 Qb6 8. Qb3 Qa5 9. Be2 e6 10. 0-0 Bd6 11. Bxd6 Nxd6 12. Qc2 0-0 13. c4 Bd7 14. c5 Nf5 15. b4 Qc7 16. a4 a6 17. Bd3 Ne7 18. a5 Rfe8 19. Rfe1 Ng6 20. Bxg6 hxg6 21. Ne5 Bc8 22. f4 Qe7 23. g4 Nd7 24. Ndf3 Nxe5 25. Nxe5 Qh4 26. Kh2 Kh7 27. g5 Qh5 28. Qe2 Qxe2+ 29. Rxe2 f6 30. Nf3 e5 31. Rae1 e4 32. Ng1 Rh8 33. Kg3 Kg8 34. h4 Bf5 35. Rh2 Rh5 36. Ne2 Kf7 37. Reh1 Rah8 38. Nc3 Bc8 39. Ne2 Ke7 40. Nc3 Rf8 41. Ne2 fxg5 42. hxg5 Rfh8 43. Rh4 Ke6 44. R1h2 Bd7 45. Rh1 Kf5 46. R1h2 Be8 47. Rh1 Ke6 48. R1h2 Rf8 49. Ng1 Bf7 50. Rh1 Kd7 51. R1h2 Rfh8 52. Ne2 Be6 53. Rh1 Bf5 54. R1h2 Ke6 55. Rh1 Kf7 56. R1h2 Kg8 57. Rh1 Kf7 58. R1h2 Ke6 59. Rh1 Rxh4 60. Rxh4 Rxh4 61. Kxh4 1/2-1/2

[Event "Split op 3rd"]
[Site "Split"]
[Date "2009.03.06"]
[Round "8"]
[White "Mestrovic, Josip"]
[Black "Bilus Gagic, Ante"]
[Result "1-0"]
[WhiteElo "1814"]
[BlackElo "1984"]
[PlyCount "89"]
[EventDate "2009.02.28"]
[EventType "swiss"]
[EventRounds "9"]
[EventCountry "CRO"]
[SourceTitle "CBM 129 Extra"]
[Source "ChessBase"]
[SourceDate "2009.05.05"]
[SourceVersion "2"]
[SourceVersionDate "2009.05.20"]
[SourceQuality "1"]

1. d4 d5 2. Nf3 Nf6 3. e3 c6 4. Bd3 Bg4 5. b3 e6 6. Bb2 Nbd7 7. 0-0 Bd6 8. Nbd2 0-0 9. h3 Bh5 10. e4 dxe4 11. Nxe4 Nxe4 12. Bxe4 Nf6 13. Bd3 Nd5 14. c4 Nf4 15. Re1 Qf6 16. Be4 Rad8 17. Rb1 Bb8 18. c5 Rfe8 19. d5 Qh6 20. d6 f5 21. Bd3 Qg6 22. g3 Nxh3+ 23. Kg2 Qg4 24. Nd4 Nf4+ 25. Kg1 Qg6 26. Qd2 Nh3+ 27. Kg2 Ng5 28. b4 a6 29. Bc4 Kh8 30. Qf4 Ne4 31. Nxe6 Rxe6 32. Bxe6 Qxe6 33. f3 Bg6 34. fxe4 fxe4 35. Rf1 Rg8 36. Qf8 Qd7 37. Qe7 Qxe7 38. dxe7 e3 39. Rf8 Be4+ 40. Kg1 Bg6 41. Rbf1 h6 42. Rxg8+ Kxg8 43. Rf8+ Kh7 44. e8Q Bxe8 45. Rxe8 1-0

[Event "Split op 3rd"]
[Site "Split"]
[Date "2009.03.04"]
[Round "5"]
[White "Bilus Gagic, Ante"]
[Black "Sale, Srdjan"]
[Result "0-1"]
[WhiteElo "1984"]
[BlackElo "2385"]
[PlyCount "84"]
[EventDate "2009.02.28"]
[EventType "swiss"]
[EventRounds "9"]
[EventCountry "CRO"]
[SourceTitle "CBM 129 Extra"]
[Source "ChessBase"]
[SourceDate "2009.05.05"]
[SourceVersion "2"]
[SourceVersionDate "2009.05.20"]
[SourceQuality "1"]

1. e4 Nf6 2. Nc3 d5 3. exd5 Nxd5 4. Nxd5 Qxd5 5. Nf3 Bg4 6. Be2 Nc6 7. 0-0 0-0-0 8. c3 e5 9. Ng5 Bxe2 10. Qxe2 h6 11. Nf3 e4 12. Ne1 Bc5 13. b4 Bb6 14. a4 a5 15. Nc2 Ne5 16. Ne3 Qd3 17. Re1 g6 18. Qxd3 Nxd3 19. Re2 axb4 20. cxb4 Nxb4 21. Nc4 Bd4 22. Rb1 Nd3 23. Rxe4 Bxf2+ 24. Kf1 Rhe8 25. Re2 Bc5 26. Ba3 Rxe2 27. Kxe2 Bxa3 28. Nxa3 Nf4+ 29. Kf3 Rd3+ 30. Kxf4 Rxa3 31. Rb4 Rd3 32. h4 Rxd2 33. g4 Rd5 34. Re4 Kd7 35. g5 hxg5+ 36. hxg5 c5 37. a5 Rf5+ 38. Kg4 Kc6 39. Ra4 Kb5 40. Ra2 c4 41. Rb2+ Kxa5 42. Rxb7 c3 0-1

[Event "Split op 3rd"]
[Site "Split"]
[Date "2009.03.01"]
[Round "2"]
[White "Bilus Gagic, Ante"]
[Black "Krnic, Ivan"]
[Result "1-0"]
[WhiteElo "1984"]
[BlackElo "2213"]
[PlyCount "97"]
[EventDate "2009.02.28"]
[EventType "swiss"]
[EventRounds "9"]
[EventCountry "CRO"]
[SourceTitle "CBM 129 Extra"]
[Source "ChessBase"]
[SourceDate "2009.05.05"]
[SourceVersion "2"]
[SourceVersionDate "2009.05.20"]
[SourceQuality "1"]

1. e4 e5 2. Nf3 Nc6 3. Bc4 Nf6 4. d3 h6 5. c3 d6 6. h3 g6 7. Be3 Bg7 8. Qd2 d5 9. exd5 Nxd5 10. 0-0 Nxe3 11. fxe3 0-0 12. e4 Na5 13. Bb5 a6 14. Ba4 b5 15. Bc2 c5 16. b4 cxb4 17. cxb4 Nc6 18. Na3 Qe7 19. Rab1 Be6 20. Rb2 Rfd8 21. Qe1 Nd4 22. Nxd4 Rxd4 23. Nb1 Rc8 24. a3 f5 25. Nd2 fxe4 26. Nxe4 Bd5 27. Qe3 Kh7 28. Bb3 Bxb3 29. Rxb3 Rc2 30. Qf3 Qa7 31. Kh1 Rd8 32. Qd1 Rc6 33. Rb2 Qd4 34. Rd2 Rdc8 35. Qb3 Qe3 36. Rdf2 Rc1 37. Kh2 Rxf1 38. Rxf1 Rc1 39. Rf2 h5 40. Qf7 Rc8 41. Qd7 Rc1 42. h4 Qe1 43. Ng5+ Kh6 44. Nf7+ Kh7 45. Ng5+ Kh6 46. Qf7 e4 47. Qf4 Qh1+ 48. Kg3 Bc3 49. Nf7+ 1-0

[Event "Solin op"]
[Site "Solin"]
[Date "2007.01.28"]
[Round "9"]
[White "Saric, Branko"]
[Black "Bilus Gagic, Ante"]
[Result "0-1"]
[WhiteElo "1924"]
[BlackElo "2004"]
[PlyCount "115"]
[EventDate "2007.01.20"]
[EventType "swiss"]
[EventRounds "9"]
[EventCountry "CRO"]
[SourceTitle "CBM 116 Extra"]
[Source "ChessBase"]
[SourceDate "2007.03.07"]
[SourceVersion "1"]
[SourceVersionDate "2007.03.07"]
[SourceQuality "1"]

1. d4 Nf6 2. c4 e6 3. Nf3 d5 4. e3 c6 5. Nc3 Bd6 6. Be2 0-0 7. 0-0 Re8 8. Qc2 Nbd7 9. c5 Bc7 10. b4 e5 11. dxe5 Nxe5 12. Bb2 Qe7 13. a4 Bg4 14. Nd4 Bxe2 15. Ncxe2 Nc4 16. Bc3 g6 17. Rac1 Ng4 18. Nf4 Ncxe3 19. Qe2 Qh4 20. h3 Bxf4 21. Nf3 Qh6 22. Rce1 Nxf1 23. Qxe8+ Rxe8 24. Rxe8+ Qf8 25. Rxf8+ Kxf8 26. hxg4 Ng3 27. fxg3 Bxg3 28. Bf6 Ke8 29. Kf1 Kd7 30. g5 Bf4 31. Ke2 h6 32. g3 Bc1 33. gxh6 Bxh6 34. Nd4 Bc1 35. Nb3 Bh6 36. g4 Bf8 37. Nd4 a5 38. bxa5 Bxc5 39. Nc2 Ke6 40. Bc3 g5 41. Kd3 f5 42. Bd4 Bd6 43. Be3 c5 44. Bd2 fxg4 45. Bxg5 Bc7 46. Be3 Bd6 47. Bg1 g3 48. Ke3 Kf5 49. Kf3 d4 50. Nxd4+ cxd4 51. Bxd4 Ke6 52. Ke4 Kd7 53. Kf3 Kc6 54. Bb6 Kd5 55. Bd8 Kc4 56. Ke4 Kb4 57. Kd5 Bc5 58. Bh4 0-1

[Event "Bizovac Metalis op 13th"]
[Site "Bizovac"]
[Date "2006.02.26"]
[Round "7"]
[White "Bilus Gagic, Ante"]
[Black "Lukic, Milutin"]
[Result "0-1"]
[WhiteElo "2000"]
[BlackElo "2193"]
[PlyCount "67"]
[EventDate "2006.02.23"]
[EventType "swiss"]
[EventRounds "7"]
[EventCountry "CRO"]
[SourceTitle "CBM 110 Extra"]
[Source "ChessBase"]
[SourceDate "2006.03.10"]
[SourceVersion "2"]
[SourceVersionDate "2006.03.10"]
[SourceQuality "1"]

1. e4 c6 2. d4 d5 3. exd5 cxd5 4. Bd3 Nf6 5. Ne2 Nc6 6. c3 Bg4 7. Nd2 e6 8. 0-0 Bd6 9. f4 Qc7 10. Nf3 Bxf3 11. Rxf3 Ne4 12. Qc2 f5 13. Be3 0-0 14. a3 Rac8 15. Rc1 Na5 16. Qa4 a6 17. c4 dxc4 18. Bxe4 fxe4 19. Rff1 b5 20. Qc2 Nb3 21. Rcd1 Qc6 22. Nc3 Bb8 23. Nxe4 Rcd8 24. Ng5 g6 25. h4 Rd7 26. Rf3 Ba7 27. d5 Bxe3+ 28. Rxe3 exd5 29. Kh2 d4 30. Rxb3 Rxf4 31. Rh3 Qf6 32. Nf3 d3 33. Qc3 Qd6 34. Qe5 0-1

[Event "Osijek Pepe op"]
[Site "Kastela"]
[Date "2005.01.14"]
[Round "4"]
[White "Bilus Gagic, Ante"]
[Black "Brkic, Ivica"]
[Result "1/2-1/2"]
[WhiteElo "2032"]
[BlackElo "2100"]
[PlyCount "113"]
[EventDate "2005.01.09"]
[EventType "swiss"]
[EventRounds "7"]
[EventCountry "CRO"]
[SourceTitle "EXT 2006"]
[Source "ChessBase"]
[SourceDate "2005.11.24"]
[SourceVersion "1"]
[SourceVersionDate "2005.11.24"]
[SourceQuality "1"]

1. e4 d5 2. exd5 Nf6 3. Bb5+ Bd7 4. Bxd7+ Qxd7 5. Nc3 Nxd5 6. Nge2 e6 7. d3 Bb4 8. Bd2 Nc6 9. a3 Be7 10. 0-0 Bf6 11. Rb1 h6 12. Re1 Nxc3 13. Nxc3 a6 14. Qf3 Be7 15. Ne2 Bf6 16. c3 Qd5 17. Qxd5 exd5 18. Nf4+ Kd7 19. Nxd5 Be5 20. d4 Bd6 21. Re2 Rhe8 22. Rbe1 Rxe2 23. Rxe2 Na5 24. Bf4 Bxf4 25. Nxf4 Nc4 26. a4 b5 27. Nd3 bxa4 28. Nc5+ Kd6 29. Nxa4 Rb8 30. g3 Rb5 31. b4 a5 32. bxa5 Rxa5 33. Nc5 Ra1+ 34. Kg2 Rc1 35. h4 Kc6 36. Re7 Nd6 37. Na6 Nb5 38. Nb8+ Kd6 39. Rxf7 Rxc3 40. Rxg7 Nxd4 41. Rg6+ Ke5 42. Rxh6 c5 43. Nc6+ Kd5 44. Nxd4 cxd4 45. Rh8 d3 46. Rd8+ Ke4 47. h5 Rc4 48. h6 Rc7 49. f3+ Ke3 50. g4 Rh7 51. Rd6 d2 52. g5 Kf4 53. Rxd2 Kxg5 54. Rd6 Rxh6 55. f4+ Kh5 56. Rd5+ Kg4 57. f5 1/2-1/2

[Event "Zadar op"]
[Site "Zadar"]
[Date "2004.12.16"]
[Round "6"]
[White "Bosiocic, Marin"]
[Black "Bilus Gagic, Ante"]
[Result "1-0"]
[WhiteElo "2313"]
[BlackElo "2039"]
[PlyCount "51"]
[EventDate "2004.12.13"]
[EventType "swiss"]
[EventRounds "9"]
[EventCountry "CRO"]
[SourceTitle "CBM 103 Extra"]
[Source "ChessBase"]
[SourceDate "2005.01.01"]
[SourceVersion "1"]
[SourceVersionDate "2005.01.01"]
[SourceQuality "1"]

1. d4 d5 2. c4 c6 3. Nf3 Nf6 4. Nc3 g6 5. Bg5 Nbd7 6. e3 Bg7 7. Bd3 dxc4 8. Bxc4 Nb6 9. Bb3 Bg4 10. h3 Bxf3 11. Qxf3 Nbd5 12. e4 Nxc3 13. bxc3 Qa5 14. Bd2 0-0 15. 0-0 Rad8 16. Rad1 Rd7 17. e5 Ne8 18. Qe4 e6 19. c4 Qc7 20. Bb4 a6 21. Bxf8 Kxf8 22. f4 Kg8 23. d5 cxd5 24. cxd5 exd5 25. Rxd5 Re7 26. Rfd1 1-0

[Event "Bizovac Metalis op 11th"]
[Site "Bizovac"]
[Date "2004.02.26"]
[Round "1"]
[White "Kuljasevic, Davorin"]
[Black "Bilus Gagic, Ante"]
[Result "1-0"]
[WhiteElo "2413"]
[BlackElo "2077"]
[PlyCount "55"]
[EventDate "2004.02.26"]
[EventType "swiss"]
[EventRounds "7"]
[EventCountry "CRO"]
[SourceTitle "CBM 098 Extra"]
[Source "ChessBase"]
[SourceDate "2004.03.10"]
[SourceVersion "2"]
[SourceVersionDate "2004.03.10"]
[SourceQuality "1"]

1. d4 d5 2. c4 c6 3. Nf3 Bg4 4. Ne5 Nf6 5. Nc3 e6 6. f3 Bh5 7. g4 Bg6 8. h4 h5 9. Nxg6 fxg6 10. g5 Ng8 11. Bh3 Qd6 12. c5 Qg3+ 13. Kf1 Kd7 14. Qb3 Qc7 15. e4 Ne7 16. exd5 cxd5 17. Nxd5 Qc6 18. Nb4 Qb5+ 19. Kf2 Nf5 20. Bxf5 exf5 21. a4 Qa5 22. Re1 Kd8 23. Qd5+ Nd7 24. Qxb7 Rc8 25. Nc6+ Rxc6 26. Qxc6 Qb4 27. Bf4 Qxb2+ 28. Kg3 1-0